Que vendent ces marchands de fiction? - Statistiques

Statistiques générales
  • Ce quiz a été pris 40 fois
  • Le résultat moyen est 9 sur 18
Statistiques - réponses
Hint Réponse % Correct
Willy Wonka Chocolats
100%
Ollivander Baguettes magiques
92%
Walter White Drogue
84%
Tony Stark Armes
82%
Capitaine Krabs Burgers
79%
Fred et Georges Weasley Farces et attrapes
79%
Ordralfabetix Poisson
79%
Urahara Articles pour les Shinigami
58%
Séraphin Lampion Assurances
50%
Tom Nook Maisons
42%
M.Gold Antiquités
39%
Ichiraku Ramen
39%
Rounard Oeuvres d'art
34%
Watto Ferraille
26%
Jeff Albertson Bandes dessinées
24%
Rodolphe Vélos
13%
Bard Tonneaux
11%
Charlie Babbit Voitures
8%
Aucun quiz correspondant
Distribution des résultats
% des personnes avec chaque résultat
Percentile par nombre de réponses
Votre historique - résultats
Vous n’avez pas pris ce quiz